О коэффициенте радиоактивного равновесия в рудоносных отложениях Хиагдинского рудного узла на примере месторождения Дыбрын (республика Бурятия); Радиоактивность и радиоактивные элементы в среде обитания человека

Detalles Bibliográficos
Parent link:Радиоактивность и радиоактивные элементы в среде обитания человека.— 2013.— [С. 180-184]
Autor Corporativo: Национальный исследовательский Томский политехнический университет (ТПУ) Институт природных ресурсов (ИПР) Кафедра геоэкологии и геохимии (ГЭГХ)
Otros Autores: Домаренко В. А. Виктор Алексеевич, Краморенко С. В., Новгородцев А. А., Митрофанов Е. А., Деревенец В. Г.
Sumario:Заглавие с титульного листа
Installed on the field characteristic of all hydrogenic deposits zoning in distribution koefftsiente of radioactivity equilibrium (K) [3]. Manifest it in stock around the rims of radium deposits external and internal radium ghosting occurring on the border of the oxidized species
Lenguaje:ruso
Publicado: 2013
Materias:
Acceso en línea:http://www.lib.tpu.ru/fulltext/c/2013/C33/043.pdf
Formato: Electrónico Capítulo de libro
KOHA link:https://koha.lib.tpu.ru/cgi-bin/koha/opac-detail.pl?biblionumber=242364

MARC

LEADER 00000naa2a2200000 4500
001 242364
005 20251222104157.0
035 |a (RuTPU)RU\TPU\book\263675 
035 |a RU\TPU\book\263653 
090 |a 242364 
100 |a 20130830d2013 k y0rusy50 ca 
101 0 |a rus 
102 |a RU 
135 |a drnn ---uucaa 
181 0 |a i  
182 0 |a b 
200 1 |a О коэффициенте радиоактивного равновесия в рудоносных отложениях Хиагдинского рудного узла на примере месторождения Дыбрын (республика Бурятия)  |d Koefftsiente of radioactive equilibrium in the metalliferous sediments Khiagda ore node for example Dybryn deposit (Buryatia)  |f В. А. Домаренко [и др.] 
203 |a Текст  |c электронный 
215 |a 1 файл (294 Кб) 
300 |a Заглавие с титульного листа 
320 |a [Библиогр.: с. 184 (4 назв.)] 
330 |a Installed on the field characteristic of all hydrogenic deposits zoning in distribution koefftsiente of radioactivity equilibrium (K) [3]. Manifest it in stock around the rims of radium deposits external and internal radium ghosting occurring on the border of the oxidized species 
337 |a Adobe Reader 
463 1 |0 (RuTPU)RU\TPU\book\263484  |t Радиоактивность и радиоактивные элементы в среде обитания человека  |o материалы IV Международной конференции, 4-8 июня 2013 г., г. Томск  |f Национальный исследовательский Томский политехнический университет (ТПУ) ; Российская академия наук (РАН), Сибирское отделение (СО), Институт геологии и минералогии ; Зарубежгеология, Открытое Акционерное Общество ; Российское геологическое общество (РосГео), Томское региональное отделение (ТРО) ; Волковгеология ; Казатомпром ; под ред. Л. П. Рихванова  |v [С. 180-184]  |d 2013 
510 1 |a Koefftsiente of radioactiv e equilibrium in the metalliferous sediments Khiagda ore node for example Dybryn deposit (Buryatia)  |z eng 
610 1 |a труды учёных ТПУ 
610 1 |a электронный ресурс 
610 1 |a радиоактивное равновесие 
610 1 |a рудоносные отложения 
610 1 |a Бурятия 
610 1 |a месторождение Дыбрынское 
701 1 |a Домаренко  |b В. А.  |c геолог  |c доцент Томского политехнического университета, кандидат геолого-минералогических наук  |f 1947-  |g Виктор Алексеевич  |3 (RuTPU)RU\TPU\pers\26058 
701 1 |a Краморенко  |b С. В. 
701 1 |a Новгородцев  |b А. А. 
701 1 |a Митрофанов  |b Е. А. 
701 1 |a Деревенец  |b В. Г. 
712 0 2 |a Национальный исследовательский Томский политехнический университет (ТПУ)  |b Институт природных ресурсов (ИПР)  |b Кафедра геоэкологии и геохимии (ГЭГХ)  |3 (RuTPU)RU\TPU\col\18658 
801 1 |a RU  |b 63413507  |c 20130116 
801 2 |a RU  |b 63413507  |c 20130830  |g RCR 
856 4 |u http://www.lib.tpu.ru/fulltext/c/2013/C33/043.pdf 
942 |c CF